000 00270nam a2200109Ia 4500
008 200302s9999 xx 000 0 und d
100 _aBarbara-Ann & Campbell- Lange
245 _aLautner - Disappearing Space
260 _bTaschen GmbH
260 _c2005
300 _a96 P.,
999 _c4287
_d4287